Zásady medzinárodných obchodných zmlúv

Bibliographic Details
Corporate Author: UNIDROIT (Rím, Taliansko) (Author)
Format: Book
Language:Slovak
PhysicalDescription:324 s. 24 cm
Published: Bratislava Iura edition 1996
ISBN:8088715210
Subjects:

MARC

LEADER 00000nam a2200000 a 4500
001 vtls001217766
003 SK-MaSNL
005 20260301041204.0
008 240226s1996 xo slo
015 |a SNBI1996/0200785 
020 |a 8088715210 
035 |a SNK000160997 
035 |a urn:nbn:sk:snk-amk314 
035 |a urn:nbn:sk:snk-am00858r 
035 |a 546E1E81-6C7F-4D21-AA19-D64DDD68F176 
040 |a SNK  |b slo  |c SNK  |e AACR2 
041 0 |a slo 
044 |a xo  |c SK 
080 |a 339.5(094.2)=00  |2 1981 
245 0 0 |a Zásady medzinárodných obchodných zmlúv  |c [preložil Ján Švidroň] 
260 |a Bratislava  |b Iura edition  |c 1996 
300 |a 324 s.  |c 24 cm 
500 |a Čiast. text angl., franc., špan., tal. a nem. 
650 0 7 |a obchod medzinárodný  |x zmluvy  |x zásady  |x dohody medzinárodné  |2 SNK  |9 342553 
650 0 7 |a medzinárodné dohody  |2 SNK  |9 29408 
710 0 |a UNIDROIT (Rím, Taliansko)  |4 aut  |9 33472 
919 |a 80-88715-21-0 
958 |a TL 
999 |c 587813  |d 589743 
952 |t P60, <03>, [BOOK], {603}  |a SNK  |b SNK  |y PREZ  |7 0  |p 17A0004774  |o snkSC 90641  |i snkKSP 4799/96  |0 0  |1 0  |4 0  |d 1996-05-29  |f 1  |l 0  |r 2025-09-09 00:00:00  |w 2026-02-23 
952 |t P60, <09>, [BOOK], {629}  |a SNK  |b SNK  |y NEVYP  |7 0  |o snkC 1043  |i snk1949/960603  |0 0  |1 0  |4 0  |d 1996-05-29  |l 0  |r 2005-01-01 00:00:00  |w 2026-02-23 
952 |a SNK  |b SNK  |y VYP  |7 0  |p 17A0004773  |o snkSC 90641 D1  |i snkKSP 4800/96  |0 0  |1 0  |4 0  |d 1996-05-29  |l 0  |r 2005-01-01 00:00:00  |w 2026-02-23